Alphabet nächster Buchstabe - Statistiken

Allgemein
  • Dieses Quiz wurde 209 mal gespielt
  • Das Durchschnittsergebnis liegt bei 22 aus 25
Antwortstatistiken
Hint Antwort % Korrekt
B C
99%
H I
99%
A B
97%
R S
97%
C D
96%
E F
96%
F G
96%
J K
96%
K L
96%
O P
96%
S T
96%
W X
95%
P Q
94%
Q R
94%
T U
94%
G H
93%
L M
90%
I J
88%
M N
88%
V W
80%
X Y
77%
N O
72%
D E
68%
Y Z
65%
U V
61%
Keine übereinstimmenden Quizze gefunden
Verteilung der Resultate
Anzahl Personen mit jedem Resultat
Perzentil nach korrekt beantworteten Fragen
Ihre Resultats-Entwicklung
Sie haben dieses Quiz noch nicht gespielt